| 000 | 00956aam a22002894i 4500 | ||
|---|---|---|---|
| 999 |
_c7984 _d7984 |
||
| 001 | 991026382229706706 | ||
| 003 | OSt | ||
| 005 | 20241126105653.0 | ||
| 008 | 960513s1975 spco || 000 0|spa | ||
| 017 |
_aDL B 17233-1975 _bBiblioteca de Catalunya |
||
| 020 | _a8427002866 | ||
| 035 | _a(ES-BaCBU).b1686167x | ||
| 035 | _a(OCoLC)802771496 | ||
| 040 |
_aES-BaBC _bcat _erda _cCDMR |
||
| 080 | _a82.081 | ||
| 100 | 1 |
_aRoig, Montserrat _92620 |
|
| 245 | 1 | 4 |
_aLos Hechiceros de la palabra / _cMontserrat Roig |
| 264 | 1 |
_aBarcelona : _bEdiciones Martinez Roca S.A., _c[1975] |
|
| 300 |
_a216 pàgines, 8 full de làmines : _bil·lustracions ; _c20 cm |
||
| 490 | 1 |
_aColección Perfiles Ibéricos ; _v6 |
|
| 650 | 0 |
_94368 _aEscriptors _vIntervius |
|
| 830 | 0 |
_aPerfiles Ibéricos ; _v6 |
|
| 907 |
_a.b1686167x _b16-06-21 _c07-05-08 _d06-05-08 _em _fa _g- _hspa _ispc _j4 _k6 |
||
| 908 |
_aBAB _aBC _aUB _aUdG _aURV _aBMVB _aUAB |
||
| 940 | _aBC | ||
| 942 |
_2udc _cMON |
||